000 01313cab a22002655a 4500
001 ##L135225
008 061005s2006 xxk f 000 0 eng d
035 _a(Sirsi) u135225
041 0 _aeng
100 1 _aRabin, Anna
245 0 0 _aAll change for the contaminated land regime
260 _c2006
490 0 _aBuilding Engineer
_v81(10) October 2006, 28-29(2)
520 _aProvides an overview of the changes to the contaminated Land Regime (applying to England only) which came into force on 4 August 2006. Separate legislation has been enacted in respect of Wales, Scotland and Northern Ireland. Sets out the principal differences between the old and new regimes relating to radioactive contaminated land, the duty to inspect, special sites, mixed sites, remediation and nuclear sites.
590 _aIKA171006 NTK, KA
650 2 4 _aCONTAMINATED LAND
650 2 4 _aCLEAN NEIGHBOURHOODS AND ENVIRONMENT ACT 2005
650 2 4 _aCONTAMINATED LAND REGULATIONS 2000
650 2 4 _aCONTAMINATED LAND (ENGLAND) REGULATIONS 2006
650 2 4 _aENVIRONMENTAL PROTECTION ACT 1990 PART IIA
650 2 4 _aCLEAN NEIGHBOURHOODS AND ENVIRONMENT ACT 2005 (COMMENCEMENT NO. 2) (ENGLAND) ORDER 2006
651 4 _aEngland
_y886-
690 _aPROPERTY-RURAL AND NATURAL ASSETS-LAND-CONTAMINATED LAND
942 _n0
999 _c77836
_d77836